000 nam a22 7a 4500
999 _c8998
_d8998
008 180122b ||||| |||| 00| 0 eng d
100 _95297
_aALI.A ET AL
245 _aTEACHER'S MANUAL I-T CLASS-III,IV,V,VI,VII,VIII
260 _aNEW DELHI
_bMILI STONE
_c2015